<?xml version="1.0" encoding="UTF-8"?>
<record
    xmlns:xsi="http://www.w3.org/2001/XMLSchema-instance"
    xsi:schemaLocation="http://www.loc.gov/MARC21/slim http://www.loc.gov/standards/marcxml/schema/MARC21slim.xsd"
    xmlns="http://www.loc.gov/MARC21/slim">

  <leader>01511nam a2200409Ia 4500</leader>
  <controlfield tag="001">036183</controlfield>
  <controlfield tag="008">221003m2013    xx            000 0 spa d</controlfield>
  <datafield tag="035" ind1=" " ind2=" ">
    <subfield code="a">CENDO_26376</subfield>
  </datafield>
  <datafield tag="041" ind1=" " ind2=" ">
    <subfield code="a">spa</subfield>
  </datafield>
  <datafield tag="100" ind1=" " ind2=" ">
    <subfield code="a">SANTILLANA VALLEJO, Dolores</subfield>
    <subfield code="9">11643</subfield>
  </datafield>
  <datafield tag="245" ind1=" " ind2="0">
    <subfield code="a">&lt;El&gt; impacto de la reforma laboral en Castilla-La Mancha /</subfield>
    <subfield code="c">Lola Santillana Vallejo, secretaria de Empleo CCOO-CLM</subfield>
  </datafield>
  <datafield tag="260" ind1=" " ind2=" ">
    <subfield code="a">Madrid :</subfield>
    <subfield code="b">Fundaci&#xF3;n 1&#xBA; de Mayo,</subfield>
    <subfield code="c">2013</subfield>
  </datafield>
  <datafield tag="300" ind1=" " ind2=" ">
    <subfield code="a">2 p.  ;</subfield>
    <subfield code="c"> 30 cm</subfield>
  </datafield>
  <datafield tag="500" ind1=" " ind2=" ">
    <subfield code="a">En: Revista de Estudios : An&#xE1;lisis, Reflexi&#xF3;n y Debate, n. 49 (marzo 2013), p. 14-15</subfield>
  </datafield>
  <datafield tag="650" ind1=" " ind2=" ">
    <subfield code="a">REFORMA LEGISLATIVA</subfield>
    <subfield code="9">212</subfield>
  </datafield>
  <datafield tag="650" ind1=" " ind2="0">
    <subfield code="a">MERCADO DE TRABAJO</subfield>
    <subfield code="9">52</subfield>
  </datafield>
  <datafield tag="650" ind1=" " ind2="0">
    <subfield code="a">LEGISLACION DEL TRABAJO</subfield>
    <subfield code="9">126</subfield>
  </datafield>
  <datafield tag="650" ind1=" " ind2="0">
    <subfield code="a">DERECHOS DE LOS TRABAJADORES</subfield>
    <subfield code="9">4</subfield>
  </datafield>
  <datafield tag="650" ind1=" " ind2=" ">
    <subfield code="a">CONDICIONES DE TRABAJO</subfield>
    <subfield code="9">128</subfield>
  </datafield>
  <datafield tag="650" ind1=" " ind2=" ">
    <subfield code="a">POLITICA DE EMPLEO</subfield>
    <subfield code="9">112</subfield>
  </datafield>
  <datafield tag="650" ind1=" " ind2=" ">
    <subfield code="a">DESEMPLEO</subfield>
    <subfield code="9">53</subfield>
  </datafield>
  <datafield tag="650" ind1=" " ind2="0">
    <subfield code="a">CREACION DE EMPLEOS</subfield>
    <subfield code="9">425</subfield>
  </datafield>
  <datafield tag="650" ind1=" " ind2="0">
    <subfield code="a">ACTITUD SINDICAL</subfield>
    <subfield code="9">61</subfield>
  </datafield>
  <datafield tag="650" ind1=" " ind2="0">
    <subfield code="a">COMUNIDADES AUTONOMAS</subfield>
    <subfield code="9">344</subfield>
  </datafield>
  <datafield tag="650" ind1=" " ind2=" ">
    <subfield code="a">CASTILLA-LA MANCHA</subfield>
    <subfield code="9">3732</subfield>
  </datafield>
  <datafield tag="710" ind1=" " ind2=" ">
    <subfield code="a">FUNDACI&#xD3;N 1&#xBA; DE MAYO</subfield>
    <subfield code="c">Espa&#xF1;a</subfield>
    <subfield code="9">21249</subfield>
  </datafield>
  <datafield tag="710" ind1=" " ind2=" ">
    <subfield code="a">CCOO</subfield>
    <subfield code="b">Union Regional de Castilla-La Mancha</subfield>
    <subfield code="b">Secretar&#xED;a de Empleo</subfield>
    <subfield code="9">23333</subfield>
  </datafield>
  <datafield tag="856" ind1=" " ind2=" ">
    <subfield code="z">PDF</subfield>
    <subfield code="u">http://docpublicos.ccoo.es/cendoc/036183ImpactoReformaLaboral.pdf</subfield>
  </datafield>
  <datafield tag="901" ind1=" " ind2=" ">
    <subfield code="a">1</subfield>
  </datafield>
  <datafield tag="903" ind1=" " ind2=" ">
    <subfield code="a">NO</subfield>
  </datafield>
  <datafield tag="904" ind1=" " ind2=" ">
    <subfield code="a">000</subfield>
  </datafield>
  <datafield tag="907" ind1=" " ind2=" ">
    <subfield code="a">Reforma laboral</subfield>
  </datafield>
  <datafield tag="953" ind1=" " ind2=" ">
    <subfield code="d">2013-04-15</subfield>
    <subfield code="y">DOCU_ELEC</subfield>
    <subfield code="h">Revista de Estudios : An&#xE1;lisis, Reflexi&#xF3;n y Debate, n. 49 (marzo 2013), p. 14-15</subfield>
    <subfield code="t">PS20</subfield>
  </datafield>
  <datafield tag="999" ind1=" " ind2=" ">
    <subfield code="c">26375</subfield>
    <subfield code="d">26375</subfield>
  </datafield>
  <datafield tag="910" ind1=" " ind2=" ">
    <subfield code="a">2013</subfield>
  </datafield>
  <datafield tag="942" ind1=" " ind2=" ">
    <subfield code="c">DOCU_ELEC</subfield>
  </datafield>
  <datafield tag="952" ind1=" " ind2=" ">
    <subfield code="0">0</subfield>
    <subfield code="1">0</subfield>
    <subfield code="4">0</subfield>
    <subfield code="7">0</subfield>
    <subfield code="a">CENDO</subfield>
    <subfield code="b">CENDO</subfield>
    <subfield code="d">2013-04-15</subfield>
    <subfield code="h">Revista de Estudios : An&#xE1;lisis, Reflexi&#xF3;n y Debate, n. 49 (marzo 2013), p. 14-15</subfield>
    <subfield code="l">0</subfield>
    <subfield code="p">CENDO_26376</subfield>
    <subfield code="r">2022-10-05 00:00:00</subfield>
    <subfield code="t">PS20</subfield>
    <subfield code="w">2022-10-05</subfield>
    <subfield code="y">DOCU_ELEC</subfield>
  </datafield>
</record>
